[Event "Porz 3 - Ratingen"]
[Site "?"]
[Date "2023.12.03"]
[Round "4.1"]
[White "Skoerys, Fabian"]
[Black "Kremser, Michael"]
[Result "1-0"]
[WhiteElo "1956"]
[BlackElo "2003"]
[PlyCount "95"]
[EventDate "2023.??.??"]
[SourceVersionDate "2020.03.16"]

1. c4 Nf6 2. g3 e6 3. Bg2 d5 4. d4 Be7 5. Nf3 O-O 6. O-O b6 7. Qc2 Bb7 8. Nc3 dxc4 9. e4 Nc6 10. e5 Nb4 11. Qe2 Nfd5 12. Ne4 Ba6 13. Qd1 Nd3 14. Bg5 Nxb2 15. Qe2 Nd3 16. Bxe7 Qxe7 17. Nfg5 h6 18. Qh5 c5 19. f4 cxd4 20. Nd6 Nc5 21. Bxd5 exd5 22. Nf5 Qb7 23. Nxh6+ gxh6 24. Qxh6 f6 25. exf6 Rxf6 26. Qxf6 Qg7 27. Qd6 Bb7 28. Rae1 Ne4 29. Qe6+ Kf8 30. h4 d3 31. h5 Qd4+ 32. Kh2 Qb2+ 33. Kg1 Qd4+ 34. Kh1 Qg7 35. h6 Qe7 36. Qg6 d2 37. Rxe4 dxe4 38. h7 e3+ 39. Kh2 Qxh7+ 40. Qxh7 Bd5 41. Qh6+ Ke7 42. Qg7+ Kd8 43. Qe5 e2 44. Qxe2 c3 45. Qd3 Ke7 46. Qxd5 Rd8 47. Qe6+ Kf8 48. Qf7# 1-0

[Event "Porz 3 - Ratingen"]
[Site "?"]
[Date "2023.12.03"]
[Round "4.2"]
[White "Wittig, Till"]
[Black "Probst, Andreas"]
[Result "1-0"]
[WhiteElo "1944"]
[BlackElo "2053"]
[PlyCount "127"]
[EventDate "2023.??.??"]
[SourceVersionDate "2020.03.16"]

1. e4 e6 2. d4 d5 3. exd5 exd5 4. Bd3 Bd6 5. Nf3 Ne7 6. Bg5 Nbc6 7. c3 f6 8. Bh4 Bg4 9. Nbd2 Qd7 10. Qc2 O-O-O 11. O-O g5 12. Bg3 Kb8 13. Bxd6 Qxd6 14. b4 Ng6 15. Rfe1 Nf4 16. Bf1 Ne7 17. a4 Bf5 18. Qb2 Neg6 19. Nb3 g4 20. Nfd2 Rhg8 21. Nc5 Nh4 22. Kh1 Rg6 23. Re3 Bc8 24. g3 Nf5 25. gxf4 Nxe3 26. fxe3 g3 27. Nf3 Rdg8 28. Bd3 g2+ 29. Kg1 Rh6 30. Qf2 Qf8 31. f5 Rh5 32. Re1 b6 33. Ne6 Bxe6 34. fxe6 Qd6 35. e4 Qxe6 36. exd5 Qxd5 37. Qe2 Qd6 38. Bc4 Rd8 39. Ba6 c6 40. Qe7 Qxe7 41. Rxe7 Rg8 42. Re2 Rf5 43. Rxg2 Re8 44. Kf2 Re7 45. Rg8+ Kc7 46. Rf8 b5 47. axb5 cxb5 48. c4 bxc4 49. Bxc4 Rf4 50. Bd3 Rd7 51. Ke3 Rxf3+ 52. Kxf3 Rxd4 53. Bxh7 Rxb4 54. Rxf6 Kd8 55. Be4 Rb3+ 56. Kg4 Rb4 57. Kf4 a5 58. h4 Ke7 59. Rg6 Kf7 60. h5 a4 61. Ke5 Rb2 62. Bd5+ Kf8 63. h6 Rh2 64. Kd6 1-0

[Event "Porz 3 - Ratingen"]
[Site "?"]
[Date "2023.12.03"]
[Round "4.3"]
[White "Kaspar, Uwe"]
[Black "Padva, Leo"]
[Result "0-1"]
[WhiteElo "1919"]
[BlackElo "1960"]
[PlyCount "56"]
[EventDate "2023.??.??"]
[SourceVersionDate "2020.03.16"]

1. Nf3 d5 2. g3 Nf6 3. d3 c5 4. Bg2 Nc6 5. O-O e6 6. c4 Be7 7. Nbd2 O-O 8. a3 a6 9. cxd5 exd5 10. d4 c4 11. Re1 Qb6 12. e4 Nxe4 13. Nxe4 dxe4 14. Rxe4 Bf5 15. Re3 Bf6 16. d5 Rad8 17. Nd2 Na5 18. Ra2 Bd4 19. Re7 Bxf2+ 20. Kh1 Bc5 21. Re1 Rfe8 22. h4 Bf2 23. Rxe8+ Rxe8 24. Nf3 Nb3 25. Bf4 Bg4 26. d6 Re1+ 27. Qxe1 Bxe1 28. Nxe1 Qf2 0-1

[Event "Porz 3 - Ratingen"]
[Site "?"]
[Date "2023.12.03"]
[Round "4.4"]
[White "Spindler, Florian"]
[Black "Gatterer, Matthias"]
[Result "1/2-1/2"]
[WhiteElo "1955"]
[BlackElo "2012"]
[PlyCount "30"]
[EventDate "2023.??.??"]
[SourceVersionDate "2020.03.16"]

1. c4 e6 2. g3 d5 3. d4 Nf6 4. Bg2 Be7 5. Nf3 O-O 6. O-O dxc4 7. Ne5 c5 8. dxc5 Qc7 9. Nxc4 Qxc5 10. b3 Rd8 11. Qc2 Nc6 12. Ba3 Nb4 13. Qc1 Rb8 14. Nc3 Bd7 15. Qe3 Qxe3 {(=)} 1/2-1/2

[Event "Porz 3 - Ratingen"]
[Site "?"]
[Date "2023.12.03"]
[Round "4.5"]
[White "Migdal, Benedikt"]
[Black "Sistig, Max"]
[Result "1-0"]
[WhiteElo "2063"]
[BlackElo "1916"]
[PlyCount "87"]
[EventDate "2023.??.??"]
[SourceVersionDate "2020.03.16"]

1. d4 Nf6 2. Bg5 g6 3. Bxf6 exf6 4. c4 d5 5. cxd5 Qxd5 6. Nc3 Qd8 7. e3 Nd7 8. h4 h5 9. g3 Bd6 10. Bh3 f5 11. Bg2 c6 12. Nf3 Nf6 13. Ng5 O-O 14. O-O Kg7 15. Qb3 Qb6 16. Qc2 Rb8 17. Rfd1 Bd7 18. Rac1 Rfc8 19. Na4 Qa5 20. Qb3 Be8 21. Nc5 b6 22. Nd3 Rb7 23. Rc4 Re7 24. Qc2 Qxa2 25. Ra4 Qxa4 26. Qxa4 c5 27. Qa2 c4 28. Ne5 b5 29. Qa6 Bb4 30. Bb7 Rb8 31. Bf3 Rb6 32. Qa1 a5 33. Rc1 Ng8 34. Nd3 Bd6 35. Nc5 Ra7 36. e4 fxe4 37. Ngxe4 Be7 38. Qa3 b4 39. Qe3 Bb5 40. d5 Bd8 41. Qd4+ Kf8 42. d6 a4 43. Ng5 Nf6 44. Nce6+ 1-0

[Event "Porz 3 - Ratingen"]
[Site "?"]
[Date "2023.12.03"]
[Round "4.6"]
[White "Kagan, Dennis"]
[Black "Liedtke, Dirk"]
[Result "1-0"]
[WhiteElo "2020"]
[BlackElo "2091"]
[PlyCount "101"]
[EventDate "2023.??.??"]
[SourceVersionDate "2020.03.16"]

1. e4 e6 2. d4 d5 3. e5 c5 4. c3 Bd7 5. Nf3 Qb6 6. a3 c4 7. Nbd2 Nc6 8. h4 f6 9. exf6 Nxf6 10. g3 Bd6 11. Bg2 O-O 12. O-O Rae8 13. b3 cxb3 14. Qxb3 Qxb3 15. Nxb3 Ne4 16. Bb2 b6 17. Rac1 Na5 18. Nxa5 bxa5 19. Ne5 Bxe5 20. Bxe4 Bd6 21. Bd3 Rb8 22. Rc2 Rb3 23. Ra1 Rfb8 24. Ra2 e5 25. Rd2 e4 26. Bf1 Bb5 27. Bxb5 R8xb5 28. a4 Rb7 29. Kg2 Kf7 30. Rc2 Rc7 31. Re2 Rc4 32. Rd2 h5 33. f3 exf3+ 34. Kxf3 Rcxc3+ 35. Bxc3 Rxc3+ 36. Ke2 Rxg3 37. Rab2 Bb4 38. Rdc2 Ke6 39. Rc6+ Kf5 40. Kf2 Rd3 41. Rc7 g6 42. Rf7+ Ke4 43. Rf6 Rxd4 44. Rxg6 Kd3 45. Rg3+ Ke4 46. Re2+ Kf4 47. Rg5 Rd1 48. Rxh5 d4 49. Rhe5 Kg4 50. R2e4+ Kh3 51. h5 1-0

[Event "Porz 3 - Ratingen"]
[Site "?"]
[Date "2023.12.03"]
[Round "4.8"]
[White "Machetti Meneses, Diego"]
[Black "Katz, Rafael"]
[Result "0-1"]
[WhiteElo "1694"]
[BlackElo "1997"]
[PlyCount "44"]
[EventDate "2023.??.??"]
[SourceVersionDate "2020.03.16"]

1. Nf3 d5 2. d4 Nf6 3. Bf4 c5 4. e3 Nc6 5. Bd3 Qb6 6. Nc3 c4 7. Be2 Qxb2 8. Na4 Qa3 9. c3 b5 10. Nc5 Qxc3+ 11. Kf1 e6 12. Rb1 a6 13. a4 Bxc5 14. dxc5 Ne4 15. Rc1 Qb4 16. Rb1 Qxc5 17. Qc2 b4 18. Ne5 b3 19. Qc1 Nb4 20. f3 Na2 21. Qe1 Nec3 22. Rb2 f6 0-1

[Event "KKS 2- Lasker Köln 2"]
[Site "?"]
[Date "2023.12.03"]
[Round "4.1"]
[White "Cmiel, Thorsten"]
[Black "Bonnmann, Reinhard"]
[Result "1/2-1/2"]
[WhiteElo "2070"]
[BlackElo "2258"]
[PlyCount "47"]
[EventDate "2023.??.??"]
[SourceVersionDate "2020.03.16"]
[WhiteTeam "Kölner SK Dr. Lasker 2"]
[BlackTeam "Klub Kölner SF 2"]

1. d4 Nf6 2. c4 g6 3. Nc3 Bg7 4. Nf3 O-O 5. g3 d6 6. Bg2 Nc6 7. O-O Rb8 8. b3 a6 9. d5 Na5 10. Bg5 c5 11. dxc6 Nxc6 12. Rc1 Bd7 13. Nd5 Ne4 14. Be3 b6 15. Nd4 f5 16. Nxc6 Bxc6 17. Bxe4 fxe4 18. Bg5 Rb7 19. Nb4 Qc8 20. Nxa6 Rf5 21. h4 h6 22. Be3 Rh5 23. Nb4 Rxh4 24. Nxc6 1/2-1/2

[Event "KKS 2- Lasker Köln 2"]
[Site "?"]
[Date "2023.12.03"]
[Round "4.2"]
[White "Raasch, Jörg"]
[Black "Di Franco, Patricio"]
[Result "1/2-1/2"]
[WhiteElo "2287"]
[BlackElo "2036"]
[PlyCount "26"]
[EventDate "2023.??.??"]
[SourceVersionDate "2020.03.16"]
[WhiteTeam "Klub Kölner SF 2"]
[BlackTeam "Kölner SK Dr. Lasker 2"]

1. d4 d5 2. c4 e6 3. Nf3 c5 4. cxd5 exd5 5. g3 Nc6 6. Bg2 Nf6 7. O-O Be7 8. dxc5 Bxc5 9. Nbd2 O-O 10. Nb3 Bb6 11. Nbd4 Re8 12. Nxc6 bxc6 13. Bf4 Ne4 1/2-1/2

[Event "KKS 2- Lasker Köln 2"]
[Site "?"]
[Date "2023.12.03"]
[Round "4.4"]
[White "Maric, Boris"]
[Black "Fohler, Claus"]
[Result "1/2-1/2"]
[WhiteElo "2067"]
[BlackElo "2253"]
[PlyCount "33"]
[EventDate "2023.??.??"]
[SourceVersionDate "2020.03.16"]
[WhiteTeam "Klub Kölner SF 2"]
[BlackTeam "Kölner SK Dr. Lasker 2"]

1. d4 d5 2. c4 Nc6 3. Nf3 Bg4 4. Nc3 Nf6 5. cxd5 Nxd5 6. e4 Bxf3 7. gxf3 Nxc3 8. bxc3 Qd6 9. Qb3 e6 10. Bf4 Qa3 11. Bxc7 Rc8 12. Bf4 Na5 13. Bb5+ Kd8 14. Qxa3 Bxa3 15. Rb1 a6 16. Be2 b5 17. Rg1 1/2-1/2

[Event "KKS 2 - Lasker Köln 2"]
[Site "?"]
[Date "2023.12.03"]
[Round "4.5"]
[White "Diesner, Michael"]
[Black "Strehse, Nelson"]
[Result "0-1"]
[WhiteElo "2008"]
[BlackElo "1847"]
[PlyCount "32"]
[EventDate "2023.??.??"]
[SourceVersionDate "2020.03.16"]
[WhiteTeam "Kölner SK Dr. Lasker 2"]
[BlackTeam "Klub Kölner SF 2"]

1. Nf3 d5 2. g3 c6 3. Bg2 Bg4 4. Ne5 Bf5 5. d4 Nd7 6. Nd3 Ngf6 7. O-O e6 8. b3 Bd6 9. Bb2 h5 10. c4 h4 11. Nc3 Ng4 12. h3 hxg3 13. hxg4 Qh4 14. fxg3 Qh2+ 15. Kf2 Qxg3+ 16. Kg1 Rh1+ 0-1

[Event "KKS 2- Lasker Köln 2"]
[Site "?"]
[Date "2023.12.03"]
[Round "4.6"]
[White "Goldenstein, Arnd"]
[Black "Glaser, Steffen"]
[Result "1-0"]
[WhiteElo "1867"]
[BlackElo "1955"]
[PlyCount "53"]
[EventDate "2023.??.??"]
[SourceVersionDate "2020.03.16"]
[WhiteTeam "Klub Kölner SF 2"]
[BlackTeam "Kölner SK Dr. Lasker 2"]

1. d4 Nf6 2. c4 e6 3. Nc3 d5 4. Bg5 Be7 5. e3 O-O 6. Nf3 c6 7. Qc2 Nbd7 8. Bd3 h6 9. Bh4 dxc4 10. Bxc4 b5 11. Bd3 Qa5 12. O-O b4 13. Ne4 Ba6 14. Bxa6 Qxa6 15. Ne5 Nxe5 16. dxe5 Nd5 17. Bxe7 Nxe7 18. Qc5 Qd3 19. Nf6+ gxf6 20. Qxe7 fxe5 21. Rfd1 Qc2 22. Rac1 Qxb2 23. Rc4 Qe2 24. Rdc1 Rad8 25. h3 Rd2 26. Rg4+ Kh7 27. Qxf8 1-0

[Event "KKS 2 - Lasker Köln 2"]
[Site "?"]
[Date "2023.12.03"]
[Round "4.7"]
[White "Wolters, Michael"]
[Black "Klemenz, Luca"]
[Result "1-0"]
[WhiteElo "1898"]
[BlackElo "1936"]
[PlyCount "119"]
[EventDate "2023.??.??"]
[SourceVersionDate "2020.03.16"]
[WhiteTeam "Kölner SK Dr. Lasker 2"]
[BlackTeam "Klub Kölner SF 2"]

1. e4 e5 2. Nf3 Nc6 3. Bc4 Bc5 4. c3 Nf6 5. d4 exd4 6. e5 d5 7. Bb5 Ne4 8. cxd4 Bb6 9. h3 O-O 10. Nc3 f6 11. exf6 Rxf6 12. Be3 Bf5 13. Nh4 Nxc3 14. bxc3 Ne7 15. O-O c6 16. Be2 Bc7 17. Bg5 Qd6 18. g3 Rf7 19. Nxf5 Nxf5 20. Bf4 Qd7 21. Bxc7 Qxc7 22. Kg2 Raf8 23. Bd3 Rf6 24. Qe2 Qf7 25. Rae1 Nd6 26. f4 Re8 27. Qf3 Rfe6 28. Re5 Qf6 29. Rfe1 Nf7 30. Rxe6 Rxe6 31. Rxe6 Qxe6 32. Qe2 Qxe2+ 33. Bxe2 Nd6 34. Bd3 Kf7 35. Kf3 h5 36. f5 Kf6 37. Kf4 b6 38. g4 hxg4 39. hxg4 Nf7 40. Ba6 Ke7 41. g5 Nd6 42. Bd3 Nf7 43. Kg4 Nd6 44. Kf3 Nf7 45. Kg4 Nd6 46. Kf4 Kd7 47. f6 gxf6 48. gxf6 Ke6 49. Kg5 Ne8 50. Bf5+ Kf7 51. Bg6+ Kf8 52. Bxe8 Kxe8 53. Kf5 c5 54. Ke6 cxd4 55. cxd4 b5 56. Kxd5 a5 57. Kc5 Kf7 58. Kxb5 Kxf6 59. Kxa5 Ke6 60. Kb6 1-0

[Event "KKS 2 - Lasker Köln 2"]
[Site "?"]
[Date "2023.12.03"]
[Round "4.8"]
[White "Meyer, Emil"]
[Black "Loeschcke, Christian"]
[Result "1-0"]
[WhiteElo "1919"]
[BlackElo "2031"]
[PlyCount "51"]
[EventDate "2023.??.??"]
[SourceVersionDate "2020.03.16"]
[WhiteTeam "Klub Kölner SF 2"]
[BlackTeam "Kölner SK Dr. Lasker 2"]

1. e4 c5 2. Nf3 e6 3. d4 cxd4 4. Nxd4 Nf6 5. Nc3 d6 6. g4 h6 7. Rg1 Nc6 8. Be3 a6 9. h4 h5 10. gxh5 Nxh5 11. Qd2 Nxd4 12. Qxd4 e5 13. Qd2 Nf4 14. Bxf4 exf4 15. Nd5 Be6 16. Nxf4 Rxh4 17. Nxe6 Rxe4+ 18. Be2 fxe6 19. O-O-O Rc8 20. Bh5+ Kd7 21. Rxg7+ Kc6 22. Qc3+ Kb6 23. Qb3+ Ka5 24. Rxb7 d5 25. Be8 Bb4 26. Qa4# 1-0

[Event "Ratingen- Leverkusen"]
[Site "?"]
[Date "2024.02.04"]
[Round "5.1"]
[White "Esser, Michael"]
[Black "Skoerys, Fabian"]
[Result "1/2-1/2"]
[WhiteElo "2036"]
[BlackElo "2028"]
[PlyCount "44"]
[EventDate "2024.??.??"]
[SourceVersionDate "2020.03.16"]

1. e4 e6 2. d4 d5 3. Nc3 dxe4 4. Nxe4 Nd7 5. Nf3 Ngf6 6. Bd3 Nxe4 7. Bxe4 c5 8. O-O Be7 9. c3 Nf6 10. Bc2 cxd4 11. Nxd4 O-O 12. Qe2 Qc7 13. Bg5 Rd8 14. Rfe1 Rd5 15. Bh4 Ne8 16. Bg3 Qb6 17. Rad1 Bf6 18. Bb3 Rd8 19. Nf5 Bd7 20. Nd6 Nxd6 21. Rxd6 Qc5 22. Red1 Bb5 {(=)} 1/2-1/2

[Event "Ratingen - Leverkusen"]
[Site "?"]
[Date "2024.02.04"]
[Round "5.2"]
[White "Probst, Andreas"]
[Black "Debald, Heinrich"]
[Result "1-0"]
[WhiteElo "2040"]
[BlackElo "1974"]
[PlyCount "111"]
[EventDate "2024.??.??"]
[SourceVersionDate "2020.03.16"]

1. e4 e5 2. Nf3 Nc6 3. d3 Nf6 4. g3 d5 5. Nbd2 Be7 6. Bg2 O-O 7. O-O Re8 8. c3 dxe4 9. dxe4 h6 10. Qc2 Be6 11. b4 a6 12. Rd1 Qc8 13. Nf1 Bd6 14. Ne3 Bh3 15. Nh4 Bxg2 16. Kxg2 Bf8 17. a3 g6 18. Nd5 Nxd5 19. exd5 Ne7 20. c4 Bg7 21. Bb2 Qd7 22. Re1 c6 23. dxc6 Qxc6+ 24. Qe4 Qxe4+ 25. Rxe4 f5 26. Re2 e4 27. Bxg7 Kxg7 28. Kf1 Rad8 29. Ng2 Rd4 30. Rc2 Red8 31. Ke2 Rd3 32. Nf4 R3d6 33. c5 Rf6 34. Rd1 Rxd1 35. Kxd1 Kf7 36. Rd2 g5 37. Nd5 Re6 38. Nb6 Ke8 39. Nc4 Nc8 40. Rd5 f4 41. gxf4 gxf4 42. Rf5 f3 43. Kd2 Kd7 44. Ne5+ Ke8 45. Ng4 Ne7 46. Rf6 Kd7 47. Rxh6 Rxh6 48. Nxh6 Nd5 49. Nf5 Ke6 50. Nd6 Ke5 51. Nxb7 Kf4 52. c6 e3+ 53. fxe3+ Nxe3 54. c7 f2 55. c8=Q f1=N+ 56. Ke2 1-0

[Event "Ratingen - Leverkusen"]
[Site "?"]
[Date "2024.02.04"]
[Round "5.3"]
[White "Boehm, Stefan"]
[Black "Kaspar, Uwe"]
[Result "1/2-1/2"]
[WhiteElo "1996"]
[BlackElo "1901"]
[PlyCount "28"]
[EventDate "2024.??.??"]
[SourceVersionDate "2020.03.16"]

1. d4 c5 2. d5 d6 3. e4 g6 4. Be2 Bg7 5. h4 h5 6. a4 Nf6 7. Nc3 Ng4 8. Nf3 Nd7 9. Bg5 Nde5 10. Nxe5 Nxe5 11. Qd2 a6 12. O-O O-O 13. Nd1 Rb8 14. Rb1 b5 {(=)} 1/2-1/2

[Event "Ratingen - Leverkusen"]
[Site "?"]
[Date "2024.02.04"]
[Round "5.4"]
[White "Gatterer, Matthias"]
[Black "Lessing, Sebastian"]
[Result "1/2-1/2"]
[WhiteElo "2010"]
[BlackElo "1835"]
[PlyCount "45"]
[EventDate "2024.??.??"]
[SourceVersionDate "2020.03.16"]

1. d4 d5 2. c4 c6 3. Nf3 Nf6 4. Nc3 e6 5. Bg5 Be7 6. e3 Nbd7 7. Qc2 a6 8. cxd5 exd5 9. Bd3 O-O 10. O-O h6 11. Bh4 Nh5 12. Bxe7 Qxe7 13. Rac1 Nhf6 14. Na4 Ne8 15. Nc5 Nxc5 16. Qxc5 Qxc5 17. Rxc5 Nd6 18. b4 f6 19. Nd2 Re8 20. Nb3 Bd7 21. Rcc1 Re7 22. Nc5 Bf5 23. Bxf5 {(=)} 1/2-1/2

[Event "Ratingen - Leverkusen"]
[Site "?"]
[Date "2024.02.04"]
[Round "5.5"]
[White "Mazaheri Tehrani, Mehrdad"]
[Black "Liedtke, Dirk"]
[Result "0-1"]
[WhiteElo "1878"]
[BlackElo "2079"]
[PlyCount "116"]
[EventDate "2024.??.??"]
[SourceVersionDate "2020.03.16"]

1. Nf3 Nf6 2. g3 g6 3. Bg2 Bg7 4. O-O O-O 5. d3 d5 6. c4 c5 7. Nc3 d4 8. Nb5 a6 9. Na3 Nc6 10. Bf4 Nh5 11. Bg5 h6 12. Bd2 Rb8 13. Qc1 Kh7 14. h3 f5 15. Nc2 Qd6 16. a4 e5 17. Nh2 Bd7 18. Qe1 Rfe8 19. e4 dxe3 20. Qxe3 Nd4 21. Nxd4 exd4 22. Qf3 Bc6 23. Qd1 Nxg3 24. fxg3 Qxg3 25. Rf2 Qxd3 26. Bf4 Qxd1+ 27. Rxd1 Rbc8 28. Nf3 Bxa4 29. Re1 g5 30. Bd6 Bc6 31. Rfe2 Rxe2 32. Rxe2 Be4 33. Nd2 d3 34. Rxe4 fxe4 35. Bxe4+ Kh8 36. Bxb7 Bd4+ 37. Kf1 Re8 38. Ne4 Kg7 39. b3 Kg6 40. Bc6 Rc8 41. Bb7 Re8 42. Bd5 h5 43. Bc6 Rc8 44. Bb7 Re8 45. Bd5 h4 46. Bc6 Rc8 47. Bd7 Rd8 48. Bg4 Re8 49. Nxc5 d2 50. Nd3 Re3 51. Nf2 Re1+ 52. Kg2 Bxf2 53. Kxf2 d1=Q 54. Bxd1 Rxd1 55. c5 Kf5 56. Ke3 Ke6 57. Bf8 Kd5 58. Bh6 Rb1 0-1

[Event "Ratingen - Leverkusen"]
[Site "?"]
[Date "2024.02.04"]
[Round "5.6"]
[White "Höche, Alexander"]
[Black "Jiritschka, Wolfgang"]
[Result "1-0"]
[WhiteElo "1880"]
[BlackElo "1830"]
[PlyCount "127"]
[EventDate "2024.??.??"]
[SourceVersionDate "2020.03.16"]

1. d4 Nf6 2. c4 c5 3. d5 b5 4. cxb5 a6 5. e3 axb5 6. Bxb5 Qa5+ 7. Nc3 Ba6 8. Bxa6 Qxa6 9. a4 d6 10. Nb5 Qb6 11. Nf3 g6 12. Nd2 Bg7 13. Nc4 Qd8 14. O-O O-O 15. Re1 Nbd7 16. a5 Qb8 17. Nba3 Ne8 18. Bd2 Nc7 19. Bc3 Qb7 20. e4 Rfb8 21. Qd3 Nb5 22. Nxb5 Qxb5 23. Bxg7 Kxg7 24. Qc3+ Kg8 25. h3 Ra7 26. Ra3 Qb4 27. Rea1 Ne5 28. Nxe5 dxe5 29. Qxe5 Qxb2 30. Qxb2 Rxb2 31. Rc1 Rb5 32. a6 Kf8 33. Kh2 Ke8 34. g4 g5 35. Kg3 Kd7 36. f4 h6 37. e5 f6 38. Rc4 Kc7 39. Kf3 Kd7 40. Ke4 Rb1 41. Kf5 gxf4 42. exf6 exf6 43. Rxf4 Kd6 44. Kg6 Kxd5 45. Rxf6 c4 46. Rf7 Rb6+ 47. Rf6 Rb3 48. Rxb3 cxb3 49. Rb6 b2 50. Rxb2 Rxa6+ 51. Kh5 Ke5 52. Rf2 Rb6 53. h4 Ra6 54. g5 hxg5 55. hxg5 Ra1 56. Kh6 Rh1+ 57. Kg7 Ke6 58. g6 Ke7 59. Kg8 Rg1 60. g7 Rg3 61. Rf4 Rg2 62. Rf3 Rb2 63. Rh3 Kf6 64. Kh8 1-0

[Event "Ratingen - Leverkusen"]
[Site "?"]
[Date "2024.02.04"]
[Round "5.7"]
[White "Henseler, Klaus"]
[Black "Katz, Rafael"]
[Result "1/2-1/2"]
[WhiteElo "1894"]
[BlackElo "2003"]
[PlyCount "49"]
[EventDate "2024.??.??"]
[SourceVersionDate "2020.03.16"]

1. Nf3 d5 2. c4 e6 3. e3 Nf6 4. b3 Be7 5. Bb2 O-O 6. Be2 c5 7. O-O Nc6 8. cxd5 exd5 9. d4 b6 10. Nc3 Bb7 11. Rc1 Ne4 12. dxc5 Nxc3 13. Bxc3 Bxc5 14. Qd2 Qe7 15. Nd4 Nxd4 16. Bxd4 Bd6 17. Bf3 Rad8 18. Rfd1 h5 19. Bb2 h4 20. Qd4 Qg5 21. Qg4 Qxg4 22. Bxg4 f5 23. Bf3 f4 24. exf4 Bxf4 25. Rc2 {(=)} 1/2-1/2

[Event "Ratingen - Leverkusen"]
[Site "?"]
[Date "2024.02.04"]
[Round "5.8"]
[White "Springer, Ralf"]
[Black "Wrzesniak, Marek"]
[Result "1-0"]
[WhiteElo "2074"]
[BlackElo "2050"]
[PlyCount "61"]
[EventDate "2024.??.??"]
[SourceVersionDate "2020.03.16"]

1. e4 c6 2. d4 d5 3. exd5 cxd5 4. c4 Nf6 5. Nc3 e6 6. Nf3 Bb4 7. Bd3 dxc4 8. Bxc4 O-O 9. O-O Nbd7 10. Bg5 h6 11. Bh4 Be7 12. Re1 Nb6 13. Bb3 Nfd5 14. Bg3 Nxc3 15. bxc3 Nd5 16. c4 Nf6 17. Ne5 Nd7 18. Qd3 Nxe5 19. Bxe5 Bf6 20. Rad1 b6 21. Bc2 g6 22. Qf3 Bxe5 23. dxe5 Qc7 24. Qf6 Bb7 25. Rd4 Kh7 26. Red1 Bc6 27. Rh4 Rad8 28. Qg5 Rxd1+ 29. Bxd1 h5 30. Bxh5 Kg7 31. Qf6+ 1-0

[Event "Dormagen- Köln 2"]
[Site "?"]
[Date "2024.02.04"]
[Round "5.1"]
[White "Schmidt, Martin"]
[Black "Hautot, Stephane"]
[Result "1/2-1/2"]
[WhiteElo "2228"]
[BlackElo "2366"]
[PlyCount "126"]
[EventDate "2024.??.??"]
[SourceVersionDate "2020.03.16"]

1. d4 g6 2. Nc3 Bg7 3. e4 d6 4. Bf4 Nd7 5. Nf3 e6 6. e5 d5 7. h4 h6 8. Qd2 a6 9. O-O-O Ne7 10. g4 c5 11. dxc5 Qc7 12. h5 g5 13. Be3 Nxe5 14. Nxe5 Bxe5 15. Bg2 Bd7 16. Rhf1 O-O-O 17. f4 gxf4 18. Bxf4 Bxf4 19. Qxf4 Qxc5 20. Rd3 Nc6 21. Bxd5 Nb4 22. Rd4 Nxd5 23. Rc4 Nxf4 24. Rxc5+ Bc6 25. Rxf4 Rhg8 26. b4 Rg7 27. a4 Kb8 28. b5 axb5 29. axb5 Bg2 30. Nd1 b6 31. Re5 Bb7 32. Ne3 Kc7 33. Rf6 Kd6 34. Ref5 Ke7 35. Rf2 Rh7 36. R6f4 Rg7 37. Kb2 Rc8 38. Re2 Kd6 39. Nc4+ Kc5 40. Re5+ Bd5 41. Nd2 Kd6 42. Re3 Rc5 43. c4 Bb7 44. Rd4+ Kc7 45. Red3 f5 46. gxf5 Rxf5 47. Rd8 Rxh5 48. Kc3 Rh7 49. Re8 Re5 50. Nf3 Bxf3 51. Rxf3 Re1 52. Rff8 h5 53. Rc8+ Kd6 54. Rc6+ Ke5 55. Rxb6 h4 56. Rbb8 Rg1 57. Rf2 h3 58. Rh2 Rh4 59. Rc8 Rc1+ 60. Kd2 Rcxc4 61. Rxc4 Rxc4 62. Rxh3 Kd6 63. Rb3 Kc7 1/2-1/2

[Event "Dormagen- Köln 2 "]
[Site "?"]
[Date "2024.02.04"]
[Round "5.2"]
[White "Harff, Marcel"]
[Black "Bonnmann, Reinhard"]
[Result "1-0"]
[WhiteElo "2300"]
[BlackElo "2253"]
[PlyCount "77"]
[EventDate "2024.??.??"]
[SourceVersionDate "2020.03.16"]

1. c4 g6 2. Nc3 Bg7 3. g3 d6 4. Bg2 Nc6 5. Nf3 Nf6 6. d3 O-O 7. Rb1 a5 8. a3 e5 9. b4 axb4 10. axb4 h6 11. b5 Ne7 12. Bb2 Be6 13. O-O Qd7 14. Re1 Rfb8 15. Qc2 Ne8 16. Ra1 c5 17. bxc6 bxc6 18. Nd2 d5 19. Na4 Qc7 20. Nc5 Bc8 21. e4 d4 22. Ra4 Ra5 23. Rxa5 Qxa5 24. Na4 Ra8 25. Ra1 Qb4 26. Bf3 c5 27. Bd1 Bd7 28. Ba3 Qa5 29. Nxc5 Bc6 30. Ncb3 Qd8 31. Bxe7 Qxe7 32. Rxa8 Bxa8 33. Qa2 Nc7 34. Qa5 Bf8 35. Nf3 f6 36. Nh4 Kg7 37. Bh5 Qd8 38. Bxg6 Ne6 39. Qa7+ 1-0

[Event "Dormagen- Köln 2"]
[Site "?"]
[Date "2024.02.04"]
[Round "5.3"]
[White "Raasch, Joerg"]
[Black "Balduan, Markus"]
[Result "1-0"]
[WhiteElo "2281"]
[BlackElo "2290"]
[PlyCount "151"]
[EventDate "2024.??.??"]
[SourceVersionDate "2020.03.16"]

1. d4 Nf6 2. Nc3 d5 3. Bf4 e6 4. e3 Bd6 5. Bd3 b6 6. Nf3 Bb7 7. Ne5 a6 8. Ne2 Qe7 9. c3 Nfd7 10. O-O Bxe5 11. Bxe5 Nxe5 12. dxe5 c5 13. f4 O-O 14. Ng3 g6 15. e4 Nd7 16. Qe2 c4 17. Bc2 Nc5 18. Rad1 Rad8 19. Qe3 dxe4 20. Bxe4 Nxe4 21. Nxe4 Bxe4 22. Qxe4 Qc5+ 23. Kh1 b5 24. Qf3 a5 25. h3 b4 26. Rxd8 Rxd8 27. Rd1 Rd5 28. Qe2 Kg7 29. Rxd5 Qxd5 30. Kg1 h5 31. Kf2 Qb5 32. Qd2 Qa4 33. g4 hxg4 34. hxg4 bxc3 35. bxc3 Qb5 36. Ke3 Qb1 37. Kd4 g5 38. fxg5 Qg1+ 39. Kxc4 Qxg4+ 40. Kb5 Qe4 41. Qd4 Qb1+ 42. Kxa5 Qxa2+ 43. Kb5 Qb2+ 44. Kc5 Qa3+ 45. Kb5 Qb2+ 46. Kc5 Qa3+ 47. Qb4 Qa7+ 48. Kc6 Qa6+ 49. Qb6 Qc8+ 50. Qc7 Qa6+ 51. Kd7 Qa4+ 52. Qc6 Qa7+ 53. Kc8 Qa5 54. Qc7 Qa8+ 55. Kd7 Qa4+ 56. Qc6 Qa7+ 57. Kc8 Qa5 58. c4 Qxe5 59. c5 Qxg5 60. Kd7 e5 61. Qd5 Qg4+ 62. Ke7 Qh4+ 63. Ke8 Qh8+ 64. Kd7 Qh3+ 65. Kd6 f6 66. c6 Qa3+ 67. Kd7 Qa4 68. Ke7 Qc2 69. Qf7+ Kh8 70. Qxf6+ Kg8 71. Qe6+ Kh7 72. Qd7 Kg8 73. c7 Qc5+ 74. Qd6 Qa7 75. Qd8+ Kg7 76. Qd7 1-0

[Event "Dormagen- Köln 2"]
[Site "?"]
[Date "2024.02.04"]
[Round "5.4"]
[White "Coenen, Michael"]
[Black "Wisskirchen, Andreas"]
[Result "1/2-1/2"]
[WhiteElo "2330"]
[BlackElo "2215"]
[PlyCount "105"]
[EventDate "2024.??.??"]
[SourceVersionDate "2020.03.16"]

1. d4 Nf6 2. c4 g6 3. Nc3 Bg7 4. e4 d6 5. Be2 O-O 6. Nf3 e5 7. d5 Nbd7 8. Be3 a5 9. Nd2 Ne8 10. g4 f5 11. gxf5 gxf5 12. exf5 Nc5 13. Nde4 Nxe4 14. Nxe4 Bxf5 15. Ng3 Qh4 16. Nxf5 Rxf5 17. Qc2 Rf7 18. Rg1 Kh8 19. Qd2 Bh6 20. O-O-O Bxe3 21. fxe3 Rf2 22. Rdf1 Rxf1+ 23. Rxf1 Nf6 24. Bd3 Ne4 25. Qe2 Rg8 26. Rf7 Rg7 27. Rf8+ Rg8 28. Qf1 Nc5 29. Bc2 Qg5 30. Kd2 e4 31. Qf7 h6 32. Rxg8+ Qxg8 33. Qxg8+ Kxg8 34. Kc3 Kg7 35. Kd4 Kf6 36. Bxe4 b6 37. Bg2 Na4 38. b3 Nc5 39. Bh3 Nb7 40. a3 Nd8 41. Ke4 Nf7 42. Kf4 Ne5 43. Bf1 Nd7 44. Bd3 Nc5 45. Bc2 Nd7 46. Bd1 Ne5 47. Be2 Nd7 48. b4 axb4 49. axb4 Ne5 50. Bf1 Nd7 51. Ke4 Ne5 52. Be2 Nd7 53. Kf4 1/2-1/2

[Event "Dormagen- Köln 2"]
[Site "?"]
[Date "2024.02.04"]
[Round "5.5"]
[White "Schwibbert, Jonas"]
[Black "Litwak, Aleksej"]
[Result "1-0"]
[WhiteElo "2110"]
[BlackElo "2282"]
[PlyCount "57"]
[EventDate "2024.??.??"]
[SourceVersionDate "2020.03.16"]

1. e4 c5 2. c3 Nf6 3. e5 Nd5 4. Nf3 e6 5. Bc4 d6 6. d4 cxd4 7. cxd4 Be7 8. O-O O-O 9. Qe2 Nc6 10. Nc3 Nxc3 11. bxc3 dxe5 12. dxe5 Qa5 13. Bd3 Rd8 14. Rd1 Qxc3 15. Bg5 Bxg5 16. Nxg5 h6 17. Qf3 Qxa1 18. Qxf7+ Kh8 19. Rxa1 Nxe5 20. Qe7 Nc6 21. Nf7+ Kg8 22. Nxh6+ gxh6 23. Qh7+ Kf8 24. Bg6 Rd7 25. Qxh6+ Ke7 26. Qg5+ Kd6 27. Be8 Rh7 28. Rd1+ Kc7 29. Bxc6 1-0